000
00278nam a22001337a 4500
003
SGT
082
_a
370.973
_b
JOH
100
_a
JOHANSEN JOHN H
245
_a
AMERICAN EDUCATION
260
_a
U S A
_b
W M C BROWN PUB
_c
1971
300
_a
386
650
_a
AG
942
_2
ddc
_c
RARE
999
_c
33707
_d
33707